Escuela y contexto social

Salvato in:
Dettagli Bibliografici
Enti autori: Secretaría de Educación Pública (Autore), SEP (Autore)
Natura: Libro
Lingua:spagnolo
Pubblicazione: Ciudad de México SEP 1999
Serie:Programa y Materiales de Apoyo para el Estudio 1er Semestre
Soggetti:
Tags: Aggiungi Tag
Nessun Tag, puoi essere il primo ad aggiungerne!!

MARC

LEADER 00000nam a2200000 a 4500
001 UCN6746
003 CL-VaPUC
008 011005e19990000MX |||||||||||||||||spa|d
082 0 4 |a 306.43  |b SEC  |2 21 
110 2 |a Secretaría de Educación Pública  |e author  |9 462540 
710 2 |a SEP  |e author  |9 462541 
245 1 0 |a Escuela y contexto social 
300 |a 79 p 
942 |c BK 
945 |d 20011005 00:00:00  |a cmena 
260 |a Ciudad de México  |b SEP  |c 1999 
500 |a Programa para la Transformación y el Fortalecimiento Académicos de las Escuelas Normales 
500 |a Licenciatura en Educación Preescolar 
650 0 |a Sociología de la educación   |9 260380 
650 0 |a Igualdad de oportunidades  |9 331873 
650 0 |a Planificación de la educación   |9 307333 
650 0 |a Educación preescolar  |9 260381 
583 |a last modification  |c 20011005 00:00:00  |k Rodrigo Vera 
490 0 |a Programa y Materiales de Apoyo para el Estudio 1er Semestre 
999 |c 297428  |d 297426 
952 |0 0  |1 0  |4 0  |6 306_430000000000000_SEC_1999  |7 0  |8 A  |9 352148  |a BIBEDU  |b BIBEDU  |d 2019-11-21  |i 3758842  |o 306.43 SEC 1999  |p 3758842  |r 2019-11-21  |w 2019-11-21  |y BK  |k EPE